All Cledos songs - Statistics

General Stats
  • This quiz has been taken 5 times
  • The average score is 48 of 78
Answer Stats
Hint Answer % Correct
Anteeks
100%
ft. Versace Henrik CEISSI
100%
ft. A36 City
100%
Ei riitä
100%
Kube (2019) Japanese Drip
100%
ft. Skii6 JOKER
100%
ft. Turisti Kysyinksmä?
100%
ft. Pyhimys KYSYMYS
100%
"Leipä"
100%
Boboff Tape (2018)
100%
ft. Mikael Gabriel Made in Italy
100%
ft. Melo MÄTRIX
100%
ft. Lancey Foux NORSU
100%
PEILI
100%
ft. Shrty PENTHOUSE33
100%
ft. Bizi TÄNKAA
100%
ft. DeezyDavid Töis
100%
KAZAMA EP (2021) 1 MILLI
67%
Isac Elliot, william (2022) 20min
67%
ft. DAVI ALL IN
67%
ft. Kube Bägi
67%
Bizi (2018) BIGMACi
67%
TUULI (2023) Bikineis
67%
euro musik (2023) euro
67%
Fendi Jeans
67%
CEISSI (2020) GUALA
67%
Features (ft. william 2026) Horo
67%
ft. Versace Henrik Johnny
67%
KERZA (2022) Kädet ilmaan
67%
DAVI, Fabe (2022) Kato mua nyt
67%
ft. Etta Kattomatta takas
67%
ft. Gettomasa KILO
67%
ft. jambo kilsoi
67%
ft. Isac Elliot Kuka se on
67%
LIFE
67%
ft. VJ Liian moni
67%
ft. Bizi Marvel
67%
ft. Sexmane Me Vs. Maailma
67%
ft. Fabe Mis oot ollu
67%
Korelon (2023) Missi
67%
Muistutus
67%
Parempi niin
67%
PIDÄKII
67%
ft. william RING RING
67%
A36, ibe, averagekidluke (2020) Samma gamma vanliga
67%
LEWI, VJ (2024) Synttärit
67%
Gettomasa (2026) Syvä pääty
67%
Fuge (2020) Tush
67%
ft. Blacflaco Vaan sä
67%
ft. Bizi Yks yö
67%
Zauza
67%
Aito freak
33%
ft. Gettomasa Ajaton
33%
ABREU (2019) Amor amor
33%
Fabe (2020) Baby girl
33%
ft. FUGE BINGO!
33%
SHRTY (2021) Designer
33%
Mikael Gabriel (2022) Drama
33%
Alo EP (2017) Jetpack
33%
#ULTRA EP (2024) Joku jonka tunsin
33%
Jos mä oisin sä
33%
ft. ibe Kauemmas
33%
Vitunleija, DAVI, william (2022) Make-Up
33%
Vitunleija, Elastinen (2023) Meidän pöytä
33%
2022- Singles Nene
33%
william (2020) Pelkkii voittoi
33%
ROMEO
33%
Safe
33%
ibe (2017) Sokeri
33%
ft. TIPPA, Bizi, Mikael Gabriel, Gracias Swipe
33%
Jubel, NLE Choppa (2023) Triple A
33%
ft. Ege Zulu Tuntuu hyvält
33%
Bizi (2018) Valuu
33%
ft. UNEEK Vika
33%
Vintage Chanel
33%
Isac Elliot, Jore & Zpoppa, william (2024) Weak
33%
Jore & Zpoppa, DAVI (2026) Menetän mun järjen
0%
Karri Koira, Kube (2017) Pelimoovei
0%
No matching quizzes found
Score Distribution
Percent of People with Each Score
Percentile by Number Answered
Your Score History
You have not taken this quiz